Minecraft Mobs: Glow Squid - Statistics

General Stats
  • This quiz has been taken 6 times
  • The average score is 5 of 9
Answer Stats
Question Answer % Correct
How many health points does a glow squid have? 10
100%
How many seconds can a glow squid last out of water before it starts taking damage? 15
83%
What is one mob that attacks glow squid? Axolotl | Elder Guardian | Guardian
83%
What item do glow squids drop? Glow Ink Sac
83%
What percent chance does a glow squid have to spawn as a baby? 5
67%
What biome can glow squids not spawn in? Deep Dark
50%
What is an adult glow squid's width in blocks? 0.95
33%
What is an adult glow squid's height in blocks? 0.95
17%
What is the name of the mob category dedicated to glow squids? Underground Water Creature
0%
No matching quizzes found
Score Distribution
Percent of People with Each Score
Percentile by Number Answered
Your Score History
You have not taken this quiz